00565nam a2200169Ia 4500008004000000020001800040082001900058100001800077245003900095260005100134300001000185650001000195690002100205906001100226999001700237952014100254210210b1993 xxu||||| |||| 00| 0 eng d a81 85339 91 0 a309.54799 XAVG aXAVIER (P D). aGoa: a social history (1510-1640). aGoa.bPrabhakar Bhide Rajhauns Vitaran.,c1993 ax,294 aGoa  aSocial Situation a050089 c98803d98803 001040708SociologyaALbALcSociologyd2021-02-17g300.00l1o309.54799 XAVGp050089r2024-07-25 00:00:00s2024-07-24w2021-02-17yBK